00285nam a2200121Ia 4500008004100000041001200041082001600053100001300069245003200082260003300114300000900147650000700156221030s9999 xx 000 0 und d aEnglish a105.23bSin aS. Singh 0aElectrical Design & Drawing bDhanpat Rai PubaDelhic2001 a28.9 aEE